000 00645nam a2200241 i 4500
001 C2-0269171
003 PPAK
005 20180727235919.0
008 060808s2002 cc a|||| ||||| | chi d
020 _a7800405796
040 _aPPAK
_beng
_cPPAK
_erda
082 0 4 _a895.1
_223
090 0 0 _a895.1
_bCHE
_dG
100 1 _aChen, Chuan,
_eauthor
245 1 0 _aZui hou de xiang chui mu ge
264 1 _aBeijing :
_bKun Lun Chu ,
_c2002
300 _a274 pages :
_billustrations ;
_c21 cm
336 _2rdacontent
_atext
337 _2rdamedia
_aunmediated
338 _2rdacarrier
_avolume
650 1 0 _aChinese literature.
942 _ddc
_cB
999 _c77889
_d77889